| 000 | 00608nam a2200193Ia 4500 | ||
|---|---|---|---|
| 003 | GCL | ||
| 008 | 140319s9999 xx 000 0 ara d | ||
| 040 |
_aGCL / _cGCL |
||
| 082 | 0 | 4 |
_a595.7 _bش م |
| 100 | 1 | _aشاكر محمد حماد | |
| 245 | 1 | 0 |
_aمبادئ علم الحشرات واسس مكافحتها / _cشاكر محمد حماد |
| 700 | 1 | _aمحمد حسين طه زعزوع | |
| 260 |
_a[S.N] : _bلجنة الاعلام والدراسات المستقبلية |
||
| 300 | _a641 ص | ||
| 650 | 0 | 4 | _aالعلم |
| 650 | 0 | 4 | _aالحشرات |
| 650 | 0 | 4 | _aمقاومتها |
| 942 |
_2ddc _cBK |
||
| 999 |
_c27821 _d27821 |
||